00309cam a22001097a 4500008004000000082001800040100002200058245005800080260002700138300001000165650002400175180718b1960 xxu||||| |||| 00| 0 eng d aYA539x73 M966 aMurray, Thomas E. aNuclear policy for war and peacecby Thomas E. Murray aClevelandbWorldc1960 a241p. aAtomic energy - USA